| 000 | 00584nam a2200205Ia 4500 | ||
|---|---|---|---|
| 005 | 20260122095517.0 | ||
| 008 | 260121s9999||||xx |||||||||||||| ||und|| | ||
| 020 | _a9783031270024 | ||
| 082 |
_a616.8914 _bDIA |
||
| 100 | _aDiaz-Garrido, Juan Antonio | ||
| 245 | 0 |
_aPsychological interventions for psychosis : _btowards a paradigm shift / |
|
| 260 |
_aSwitzerland : _bSpringer, _c2023. |
||
| 300 | _axvi, 809 p.; pbk | ||
| 650 | _aPsychological paradigm | ||
| 650 | _aPsychosis | ||
| 700 | _aLiffite, Horus | ||
| 700 | _aMorris, Eric | ||
| 700 | _aZuniga, Raquel | ||
| 942 | _cTB | ||
| 999 |
_c48488 _d48488 |
||